01577naa a2200229 i 4500001000400000003000400004005001700008008003900025040000800064080001000072100014500082245012200227260001000349500002100359520051400380650001700894655003000911650001600941700014400957773014401101711010201245BPPBPK20190610114406.0140605s1978 pl f |100 0 pol cBPK a621.9 aKACALAK, Wojciech.d1970 - 1996.bWyższa Szkoła Inżynierska w Koszalinie - Instytut Techniki Wytwarzania,cZakład Obróbki Skrawaniem aRozkład wartości nacisków w strefie polerowania ściernicą elastyczną /cWojciech Kacalak, Zdzisław Pluta. c1978. aDane z autopsji. aW pracy przedstawiono analizę teoretyczną rozkładu nacisków w strefie obróbki podczas polerowania ściernicami elastycznymi oraz wyniki badań modelowych. Wykazano, że rozkład nacisków może być podstawą oceny własności sprężystych ściernicy. Na podstawie rozkładu wartości nacisków można wyznaczyć niektóre wielkości wyjściowe procesu polerowania. Analiza rozkładu nacisków pozwala również na uzyskanie istotnych informacji o przebiegu procesu polerowania. 0aPolerowanie. 0aMateriały konferencyjne. 0aŚciernica aPLUTA, Zdzisław.d1973 - 1996.bWyższa Szkoła Inżynierska w Koszalinie - Instytut Techniki Wytwarzania,cZakład Obróbki Skrawaniem iW :tPostępy w technice wytwarzania. Cz. 1, Narzędzia i technologia obróbki ściernej. : Materiały konferencyjne.g1978, s. 333-343 aKonferencja Naukowo-Techniczna "Postępy w technice wytwarzania"d(1978 ;cKołobrzeg, Polska).